Songs by Artist Click Quiz #5 - Statistics

General Stats
  • This quiz has been taken 299 times
  • The average score is 19 of 30
Answer Stats
Hint Answer % Correct
Viva la Vida Coldplay
90%
Single Ladies (Put a Ring on It) Beyoncé
89%
Yellow Submarine The Beatles
85%
Yellow Coldplay
82%
Diamonds Rihanna
82%
Halo Beyoncé
81%
Penny Lane The Beatles
81%
The Scientist Coldplay
79%
Enter Sandman Metallica
79%
Man in the Mirror Michael Jackson
79%
Crazy in Love Beyoncé
78%
Master of Puppets Metallica
75%
We Found Love Rihanna
74%
Clocks Coldplay
70%
Nothing Else Matters Metallica
69%
If I Were a Boy Beyoncé
67%
Something Just Like This Coldplay
67%
Rude Boy Rihanna
66%
Disturbia Rihanna
65%
For Whom the Bell Tolls Metallica
64%
I Saw Her Standing There The Beatles
54%
Baby Boy Beyoncé
53%
Remember the Time Michael Jackson
45%
Unfaithful Rihanna
43%
In My Life The Beatles
43%
One Metallica
38%
Across the Universe The Beatles
35%
Liberian Girl Michael Jackson
33%
Blood on the Dance Floor Michael Jackson
28%
Give In to Me Michael Jackson
21%
No matching quizzes found
Score Distribution
Percent of People with Each Score
Percentile by Number Answered
Your Score History
You have not taken this quiz